| 000 | 00685nmc a2200265 a 4500 | ||
|---|---|---|---|
| 003 | AR-Y00000XR | ||
| 005 | 20251128211929.0 | ||
| 008 | 267020s2005 ||||||||||||||000 | spa|| | ||
| 020 | _a950-03-0640-9 | ||
| 040 | _cAR-Y00000XR | ||
| 100 | 1 | _aAmado, Jorge | |
| 245 | 1 | 0 | _aMar muerto |
| 250 | _a1ª ed. | ||
| 260 |
_aBuenos Aires _bLosada _c2005 |
||
| 300 | 0 | _a340 p. | |
| 490 | 0 |
_aBiblioteca clásica y contemporánea. Clásicos Losada _v689 |
|
| 650 | 4 | _aNOVELAS | |
| 650 | 4 | _aNARRATIVA | |
| 650 | 4 | _aLITERATURA CONTEMPORANEA | |
| 653 | 0 | _aLITERATURA BRASILENA | |
| 655 | _aLITERATURA | ||
| 700 | 1 |
_aNavarro, Raúl _etraductor |
|
| 942 | _cBK | ||
| 998 | _cme-solo cat | ||
| 999 |
_c21664 _d21664 |
||